|
|
|
|
| LEADER |
01970nam a2200349 i 4500 |
| 001 |
34187 |
| 003 |
BD-DhAAL |
| 005 |
20190123151310.0 |
| 008 |
190123t1975 nyua b 001 0 eng |
| 999 |
|
|
|c 40348
|d 40348
|
| 010 |
|
|
|a 75011082
|
| 020 |
|
|
|a 0879010479
|
| 020 |
|
|
|a 9780879010478
|
| 040 |
|
|
|a DLC
|c DLC
|d DLC
|d BD-DhAAL
|
| 050 |
0 |
0 |
|a QH345
|b .L38 1975
|
| 082 |
0 |
0 |
|a 574.192
|
| 100 |
1 |
|
|a Lehninger, Albert L.
|9 29715
|
| 245 |
1 |
0 |
|a Biochemistry :
|b the molecular basis of cell structure and function /
|c Albert L. Lehninger.
|
| 250 |
|
|
|a Second edition
|
| 260 |
|
|
|a New York :
|b Worth Publishers,
|c 1975.
|
| 300 |
|
|
|a xxiii, 1104 pages :
|b illustrations ;
|c 29 cm.
|
| 504 |
|
|
|a Includes bibliographies and index.
|
| 526 |
|
|
|a MNS
|
| 541 |
|
|
|a Karim International
|e 34187, 34188, 34189, 34190, 34191
|
| 650 |
|
0 |
|a Biochemistry
|9 29716
|
| 852 |
|
|
|a Ayesha Abed Library
|c General Stacks
|
| 942 |
|
|
|2 ddc
|c BK
|
| 952 |
|
|
|0 0
|1 0
|2 ddc
|4 0
|6 574_192000000000000_LEH
|7 0
|9 64937
|a BRACUL
|b BRACUL
|c GEN
|d 2019-01-13
|e Karim International
|g 2900.00
|l 13
|m 113
|o 574.192 LEH
|p 3010034189
|r 2025-10-22
|s 2025-10-13
|t 3
|v 2900.00
|w 2019-01-13
|y BK
|
| 952 |
|
|
|0 0
|1 0
|2 ddc
|4 0
|6 574_192000000000000_LEH
|7 0
|9 64938
|a BRACUL
|b BRACUL
|c GEN
|d 2019-01-13
|e Karim International
|g 2900.00
|l 11
|m 40
|o 574.192 LEH
|p 3010034188
|r 2025-08-06
|s 2025-07-29
|t 2
|v 2900.00
|w 2019-01-13
|y BK
|
| 952 |
|
|
|0 0
|1 0
|2 ddc
|4 0
|6 574_192000000000000_LEH
|7 0
|9 64939
|a BRACUL
|b BRACUL
|c GEN
|d 2019-01-13
|e Karim International
|g 2900.00
|l 16
|m 69
|o 574.192 LEH
|p 3010034187
|r 2025-08-12
|s 2025-08-06
|t 1
|v 2900.00
|w 2019-01-13
|y BK
|
| 952 |
|
|
|0 0
|1 0
|2 ddc
|4 0
|6 574_192000000000000_LEH
|7 0
|9 64940
|a BRACUL
|b BRACUL
|c GEN
|d 2019-01-13
|e Karim International
|g 2900.00
|l 19
|m 57
|o 574.192 LEH
|p 3010034190
|r 2025-08-24
|s 2025-08-14
|t 4
|v 2900.00
|w 2019-01-13
|y BK
|
| 952 |
|
|
|0 0
|1 0
|2 ddc
|4 0
|6 574_192000000000000_LEH
|7 0
|9 64941
|a BRACUL
|b BRACUL
|c GEN
|d 2019-01-13
|e Karim International
|g 2900.00
|l 16
|m 97
|o 574.192 LEH
|p 3010034191
|r 2025-11-15
|s 2025-11-08
|t 5
|v 2900.00
|w 2019-01-13
|y BK
|